000
00209nam a2200085 4500
001
1301115
005
20260429103701.0
245
_a
ARSEN LÜPEN SEKİZ YÜZ ON ÜÇ
_c
MAURİCE LEBLANC
260
_b
TİMAŞ YAYINLARI
999
_c
1301115
_d
1301115